[Event "Collado Villalba op-A 34th"]
[Site "Collado Villalba"]
[Date "2017.08.30"]
[Round "9"]
[White "Perez Gonzalez, Jesus Miguel"]
[Black "Andrade Sandoval, Jim Carlos"]
[Result "0-1"]
[WhiteElo "1599"]
[BlackElo "1947"]
[PlyCount "120"]
[EventDate "2017.08.22"]
[EventType "swiss"]
[EventRounds "9"]
[EventCountry "ESP"]
[SourceTitle "CBM 180 Extra"]
[Source "ChessBase"]
[SourceDate "2017.10.06"]
[SourceVersion "1"]
[SourceVersionDate "2017.10.06"]
[SourceQuality "1"]

1. c4 e6 2. Nc3 d5 3. Nf3 Nf6 4. cxd5 exd5 5. e3 c6 6. d4 Bf5 7. g3 Nbd7 8. Bg2 Bd6 9. 0-0 Ne4 10. Nd2 Ndf6 11. f3 Nxd2 12. Bxd2 0-0 13. e4 dxe4 14. fxe4 Bg4 15. Bf3 Bxf3 16. Rxf3 Be7 17. Be1 b5 18. e5 Nd5 19. Bf2 Qd7 20. Kg2 Rae8 21. Ne4 f6 22. Rc1 fxe5 23. Rxf8+ Rxf8 24. dxe5 Qf5 25. Qc2 Qf3+ 26. Kg1 Nb4 27. Qb3+ Qxb3 28. axb3 a6 29. Bc5 Nd3 30. Rc3 Bxc5+ 31. Nxc5 Nxe5 32. Nxa6 Rd8 33. Nb4 Rd1+ 34. Kg2 Rd2+ 35. Kh3 Rxb2 36. Re3 Rxh2+ 37. Kxh2 Ng4+ 38. Kg1 Nxe3 39. Nxc6 Kf7 40. Kf2 Nd5 41. Kf3 Kf6 42. Ke4 Nc7 43. Kf4 Ne6+ 44. Kf3 Kg5 45. Kg2 Kg4 46. Kf2 Nc5 47. Nd4 Ne4+ 48. Kg2 Nxg3 49. Nxb5 Nf5 50. Nc7 Ne3+ 51. Kf2 Nc2 52. Nd5 Kf5 53. Kg3 g5 54. Ne7+ Ke6 55. Kg4 Kxe7 56. Kxg5 Kf7 57. Kf4 Kf6 58. Kg4 Kg6 59. Kh4 h5 60. Kg3 Kg5 0-1

[Event "Collado Villalba op-A 34th"]
[Site "Collado Villalba"]
[Date "2017.08.24"]
[Round "3"]
[White "Andrade Sandoval, Jim Carlos"]
[Black "Elissalt Cardenas, Hector"]
[Result "1/2-1/2"]
[WhiteElo "1947"]
[BlackElo "2360"]
[PlyCount "129"]
[EventDate "2017.08.22"]
[EventType "swiss"]
[EventRounds "9"]
[EventCountry "ESP"]
[SourceTitle "CBM 180 Extra"]
[Source "ChessBase"]
[SourceDate "2017.10.06"]
[SourceVersion "1"]
[SourceVersionDate "2017.10.06"]
[SourceQuality "1"]

1. d4 Nf6 2. Nf3 d6 3. Bf4 Nbd7 4. e3 c5 5. c3 g6 6. Nbd2 Bg7 7. Qb3 0-0 8. Bc4 b6 9. e4 b5 10. Bxb5 Rb8 11. Qc4 Qb6 12. Bxd7 Bxd7 13. Qb3 cxd4 14. cxd4 Qc6 15. Qd3 Rxb2 16. 0-0 Qa4 17. Qc3 Rfb8 18. Rfc1 h6 19. h3 g5 20. Be3 Rxa2 21. Rxa2 Qxa2 22. Ra1 Nxe4 23. Rxa2 Nxc3 24. Rxa7 Rd8 25. Nb3 Nd5 26. Na5 Be6 27. Nc6 Re8 28. Ne1 f5 29. Nd3 f4 30. Bd2 Kf8 31. Ndb4 Nxb4 32. Bxb4 Bf6 33. Ra5 h5 34. h4 gxh4 35. Rxh5 Bg4 36. Ra5 f3 37. Bd2 Kf7 38. Bg5 Rg8 39. Bxf6 Kxf6 40. Nb4 Be6 41. g3 Rg4 42. Nc6 hxg3 43. fxg3 Rxg3+ 44. Kf2 Rh3 45. Nb4 Rh4 46. Nc6 Bd7 47. Nb8 Be8 48. Ke3 f2 49. Ra1 Bb5 50. Kxf2 Rxd4 51. Ra5 Rb4 52. Ke3 e5 53. Kd2 Ke6 54. Kc3 Rc4+ 55. Kb3 Rc5 56. Kb4 e4 57. Rxb5 Rxb5+ 58. Kxb5 e3 59. Nc6 Kd5 60. Nb4+ Ke4 61. Kc4 e2 62. Nd3 Ke3 63. Ne1 Kd2 64. Ng2 e1Q 65. Nxe1 1/2-1/2

[Event "ESP-ch U16"]
[Site "Granada"]
[Date "2016.07.22"]
[Round "8"]
[White "Andrade Sandoval, Jim Carlos"]
[Black "Dan, Teodor"]
[Result "0-1"]
[WhiteElo "1923"]
[BlackElo "2073"]
[PlyCount "120"]
[EventDate "2016.07.18"]
[EventType "swiss"]
[EventRounds "9"]
[EventCountry "ESP"]
[SourceTitle "EXT 2024"]
[Source "ChessBase"]
[SourceDate "2023.10.10"]
[SourceVersion "1"]
[SourceVersionDate "2023.10.10"]
[SourceQuality "1"]

1. d4 g6 2. Nf3 Bg7 3. Bf4 Nf6 4. e3 d6 5. h3 0-0 6. Be2 Nbd7 7. 0-0 Qe8 8. c4 e5 9. Bh2 Ne4 10. Nbd2 Nxd2 11. Qxd2 Qe7 12. Rac1 a5 13. Rfd1 h6 14. c5 dxc5 15. dxc5 Nb8 16. Bb5 Nc6 17. Bxc6 bxc6 18. Qc2 Re8 19. Rd2 Kh7 20. Qa4 Ra6 21. Qc4 f6 22. Ne1 Qe6 23. Qa4 Qf7 24. Nd3 Qe7 25. a3 Bf8 26. Qc2 Be6 27. Qa4 Rea8 28. e4 g5 29. Rcd1 Bg7 30. Kh1 Qf7 31. Nc1 Bf8 32. Rc2 Qe8 33. Nd3 Qb8 34. Rc3 Qb5 35. Qxb5 cxb5 36. Rcc1 c6 37. Rd2 Rd8 38. Rdd1 Raa8 39. f3 Bb3 40. Rd2 Rd7 41. Rc3 a4 42. Re2 Rad8 43. Nf2 Bc4 44. Re1 Bxc5 45. Ng4 Rd1 46. Rc1 Rxe1+ 47. Rxe1 Kg6 48. Bg1 Bd4 49. Rd1 Be6 50. Ne3 c5 51. Rd2 Rb8 52. Rc2 b4 53. axb4 Rxb4 54. Nd1 Bb3 55. Rd2 Bxd1 56. Rxd1 Rxb2 57. Ra1 Rb4 58. Rc1 c4 59. g3 a3 60. f4 a2 0-1

[Event "Madrid-ch U16"]
[Site "Madrid"]
[Date "2016.04.23"]
[Round "5"]
[White "Andrade Sandoval, Jim Carlos"]
[Black "Bento Iglesias, Pablo"]
[Result "1/2-1/2"]
[WhiteElo "1921"]
[BlackElo "1969"]
[PlyCount "128"]
[EventDate "2016.04.16"]
[EventType "tourn"]
[EventRounds "7"]
[EventCountry "ESP"]
[SourceTitle "CBM 172 Extra"]
[Source "ChessBase"]
[SourceDate "2016.06.21"]
[SourceVersion "1"]
[SourceVersionDate "2016.06.21"]
[SourceQuality "1"]

1. Nf3 Nf6 2. b3 d5 3. Bb2 Bf5 4. e3 e6 5. Nc3 c6 6. Be2 Nbd7 7. Nh4 Bg6 8. f4 Be7 9. Nf3 Qc7 10. d3 Bc5 11. Qd2 Qb6 12. Nd4 Bxd4 13. exd4 Bh5 14. Na4 Qc7 15. Bxh5 Nxh5 16. f5 0-0-0 17. fxe6 fxe6 18. 0-0-0 Qf4 19. Qxf4 Nxf4 20. g3 Ng6 21. Rde1 Rde8 22. Re2 b5 23. Nc5 Nxc5 24. dxc5 Re7 25. Rhe1 Kd7 26. h4 h5 27. Be5 Rf7 28. Bd6 Rf6 29. Kd2 Re8 30. d4 Ne7 31. c3 Rg6 32. Bxe7 Rxe7 33. Rg2 Rg4 34. Re5 g6 35. Ke2 Rf7 36. b4 Rf5 37. Rxf5 exf5 38. Kf3 Ke6 39. Rg1 Kf6 40. Ra1 f4 41. gxf4 Rxh4 42. a4 a6 43. axb5 axb5 44. Ra6 Kf5 45. Rxc6 Rh3+ 46. Kg2 Rxc3 47. Rd6 Kxf4 48. Rxg6 Rc2+ 49. Kh3 Ke4 50. Rb6 Kxd4 51. Rxb5 Ke4 52. Rb6 d4 53. Rd6 Rc4 54. Re6+ Kd3 55. Re5 Rxb4 56. Kg3 h4+ 57. Kf3 Kc2 58. Re2+ Kc3 59. Re5 h3 60. Rh5 Kc2 61. c6 Rb3+ 62. Kf2 h2 63. Rxh2 d3 64. Ke1+ Kc1 1/2-1/2

[Event "Collado Villalba op-B 32nd"]
[Site "Collado Villalba"]
[Date "2015.08.26"]
[Round "5"]
[White "Greciano Reiskila, Miguel Cristian"]
[Black "Andrade Sandoval, Jim Carlos"]
[Result "1-0"]
[WhiteElo "1925"]
[BlackElo "1824"]
[PlyCount "113"]
[EventDate "2015.08.22"]
[EventType "swiss"]
[EventRounds "9"]
[EventCountry "ESP"]
[SourceTitle "EXT 2016"]
[Source "ChessBase"]
[SourceDate "2015.10.08"]
[SourceVersion "1"]
[SourceVersionDate "2015.10.08"]
[SourceQuality "1"]

1. c4 b6 2. Nc3 Bb7 3. e4 Nc6 4. Nf3 e5 5. Be2 Nf6 6. 0-0 d6 7. d4 exd4 8. Nxd4 Nxd4 9. Qxd4 c5 10. Qd3 Qd7 11. Bf4 Be7 12. Rad1 0-0-0 13. Bf3 a6 14. Bg5 Qe6 15. h3 h5 16. Rfe1 Ng8 17. Bxe7 Nxe7 18. Na4 Kc7 19. Re3 Nc8 20. Qe2 g6 21. Nc3 Rhe8 22. Re1 Qd7 23. e5 dxe5 24. Bxb7 Kxb7 25. Nd5 Qc6 26. Rxe5 Rxe5 27. Qxe5 Qd6 28. Qg7 Qd7 29. Qf6 Re8 30. Rxe8 Qxe8 31. Qf3 Qe1+ 32. Kh2 Qe5+ 33. g3 Qf5 34. Qxf5 gxf5 35. Kg2 Nd6 36. b3 Kc6 37. Kf3 b5 38. Ne3 Kd7 39. Kf4 Ke6 40. f3 f6 41. cxb5 axb5 42. a4 c4 43. bxc4 bxa4 44. c5 a3 45. cxd6 a2 46. Nc2 Kxd6 47. Kxf5 Kc5 48. Ke4 Kc4 49. g4 Kc3 50. Na1 hxg4 51. fxg4 Kb2 52. Kd3 f5 53. g5 f4 54. g6 f3 55. g7 f2 56. Ke2 Kxa1 57. g8Q 1-0

[Event "Villalba op 3rd"]
[Site "Villalba"]
[Date "2015.08.16"]
[Round "9"]
[White "Andrade Sandoval, Jim Carlos"]
[Black "Morona Minguez, Miguel"]
[Result "0-1"]
[WhiteElo "1824"]
[BlackElo "1906"]
[PlyCount "102"]
[EventDate "2015.08.09"]
[EventType "swiss"]
[EventRounds "9"]
[EventCountry "ESP"]
[SourceTitle "EXT 2024"]
[Source "ChessBase"]
[SourceDate "2023.10.10"]
[SourceVersion "1"]
[SourceVersionDate "2023.10.10"]
[SourceQuality "1"]

1. Nf3 Nf6 2. c4 g6 3. d4 c5 4. e3 Bg7 5. Be2 0-0 6. 0-0 d6 7. Nc3 cxd4 8. exd4 Bd7 9. h3 Qb6 10. Qb3 Qxb3 11. axb3 Nc6 12. Be3 a6 13. Rfd1 Nb4 14. Rd2 Rac8 15. Ne1 d5 16. Nd3 Nxd3 17. Bxd3 Bc6 18. Ra5 Rfd8 19. f3 e6 20. Be2 h6 21. Kf2 Ne8 22. g4 Nc7 23. c5 f5 24. g5 hxg5 25. Bxg5 Rf8 26. f4 Kf7 27. h4 Rh8 28. Kg3 Ne8 29. b4 Nf6 30. b5 axb5 31. Bxb5 Ra8 32. Rxa8 Rxa8 33. Bxc6 bxc6 34. Rd1 Ra7 35. Kf3 Ne4 36. Bd8 Nxc3 37. bxc3 Ra3 38. Rd3 Ke8 39. Bc7 Bf6 40. Kg3 Kd7 41. Bb6 Ra1 42. Kg2 Ke7 43. Rh3 Ra2+ 44. Kf3 Kf7 45. h5 gxh5 46. Rxh5 Ra3 47. Rh7+ Bg7 48. Bc7 Rxc3+ 49. Ke2 Kg6 50. Rxg7+ Kxg7 51. Be5+ Kg6 0-1

[Event "Villalba op 3rd"]
[Site "Villalba"]
[Date "2015.08.10"]
[Round "2"]
[White "Andrade Sandoval, Jim Carlos"]
[Black "Alonso Abad, Enrique"]
[Result "0-1"]
[WhiteElo "1824"]
[BlackElo "1999"]
[PlyCount "45"]
[EventDate "2015.08.09"]
[EventType "swiss"]
[EventRounds "9"]
[EventCountry "ESP"]
[SourceTitle "EXT 2024"]
[Source "ChessBase"]
[SourceDate "2023.10.10"]
[SourceVersion "1"]
[SourceVersionDate "2023.10.10"]
[SourceQuality "1"]

1. Nf3 d5 2. b3 Bf5 3. Bb2 e6 4. e3 Nf6 5. Ne5 Nbd7 6. Nxd7 Qxd7 7. Na3 c6 8. c4 Be7 9. cxd5 Qxd5 10. Nc4 0-0 11. Rc1 Rfd8 12. f3 Bg6 13. e4 Qg5 14. Be5 Bb4 15. Rc2 b5 16. h4 Qh6 17. Nb2 Bxe4 18. fxe4 Nxe4 19. Nd3 Qe3+ 20. Qe2 Rxd3 21. Bf4 Qxf4 22. Qxd3 Nf2 23. Qe2 0-1

[Event "ESP-ch U16"]
[Site "Salobrena"]
[Date "2015.07.24"]
[Round "8"]
[White "Garcia Martin, Marta"]
[Black "Andrade Sandoval, Jim Carlos"]
[Result "1-0"]
[WhiteElo "2166"]
[BlackElo "1697"]
[PlyCount "106"]
[EventDate "2015.07.20"]
[EventType "swiss"]
[EventRounds "9"]
[EventCountry "ESP"]
[SourceTitle "EXT 2016"]
[Source "ChessBase"]
[SourceDate "2015.10.08"]
[SourceVersion "1"]
[SourceVersionDate "2015.10.08"]
[SourceQuality "1"]

1. e4 c5 2. Nf3 e6 3. d4 cxd4 4. Nxd4 a6 5. c4 Qc7 6. Nc3 Nf6 7. a3 Be7 8. Be3 d6 9. Be2 Nbd7 10. Rc1 b6 11. 0-0 Bb7 12. f3 0-0 13. b4 Rac8 14. Qd2 Qb8 15. Rfd1 Rfd8 16. Nb3 Ba8 17. Bf1 Ne5 18. Na4 Nfd7 19. Qf2 b5 20. Ba7 Bh4 21. Qd4 Nc6 22. Bxb8 Nxd4 23. Nxd4 Rxb8 24. cxb5 Bg5 25. Rc3 axb5 26. Nxb5 d5 27. exd5 Bxd5 28. Nc7 Nf6 29. g3 Bh6 30. Nc5 g6 31. Rcd3 Bf8 32. Ne4 Kg7 33. Nxf6 Kxf6 34. Nxd5+ exd5 35. Rxd5 Rxd5 36. Rxd5 Ra8 37. Rd3 Rc8 38. Kf2 Rc2+ 39. Ke3 Rxh2 40. Rb3 Ra2 41. Bc4 Bd6 42. g4 Ke7 43. Ke4 f6 44. Kd5 Rd2+ 45. Kc6 Rd4 46. Bd5 h5 47. gxh5 gxh5 48. b5 h4 49. f4 Rxf4 50. b6 Ra4 51. Re3+ Be5 52. b7 Kd8 53. Re2 Bc3 1-0

[Event "ESP-ch U16"]
[Site "Salobrena"]
[Date "2015.07.22"]
[Round "5"]
[White "Andrade Sandoval, Jim Carlos"]
[Black "Motos Abellan, Daniel"]
[Result "1/2-1/2"]
[WhiteElo "1697"]
[BlackElo "1994"]
[PlyCount "69"]
[EventDate "2015.07.20"]
[EventType "swiss"]
[EventRounds "9"]
[EventCountry "ESP"]
[SourceTitle "EXT 2016"]
[Source "ChessBase"]
[SourceDate "2015.10.08"]
[SourceVersion "1"]
[SourceVersionDate "2015.10.08"]
[SourceQuality "1"]

1. d4 d5 2. e3 Nf6 3. c4 c6 4. Nc3 a6 5. b3 b5 6. Nf3 Bg4 7. Be2 e6 8. Ne5 Bxe2 9. Qxe2 Bd6 10. 0-0 0-0 11. Bb2 Ne4 12. Rac1 f6 13. Nf3 Nd7 14. c5 Bc7 15. Nd2 f5 16. f3 Bxh2+ 17. Kxh2 Qh4+ 18. Kg1 Ng3 19. Qe1 Rf6 20. Ne2 Qh1+ 21. Kf2 Nxf1 22. Qxf1 Qh4+ 23. g3 Qg5 24. Qg2 Rh6 25. Nf4 Re8 26. Nd3 Rf8 27. Nb4 Nb8 28. f4 Qe7 29. Nf3 a5 30. Nd3 Nd7 31. Nde5 Rc8 32. Rh1 Rxh1 33. Qxh1 Nf6 34. Nd2 Qc7 35. Qh4 1/2-1/2